| 000 | 00410cam a2200169ua 4500 | ||
|---|---|---|---|
| 041 |
_aeng _h |
||
| 082 |
_a510.2462 _bWEB/MA |
||
| 100 | _aWebe, H A . | ||
| 245 |
_aMathematical tool kit for engineers / _cJ A Webe. _hTextual Documents |
||
| 250 |
_a2 / _b. |
||
| 260 |
_aLondon : _bLongman , _c1959. |
||
| 300 | _a116 ; . | ||
| 504 | _a | ||
| 700 | 1 | _aAshwell, D E . | |
| 942 | _cBK | ||
| 999 |
_c5281 _d5281 |
||